Fake You Out - Twenty Øne Pilots lyrics - Statistics

General Stats
  • This quiz has been taken 75 times
  • The average score is 306 of 362
Answer Stats
Answer % Correct
I
100%
Out
97%
Wanna
97%
And
95%
Do
95%
Down
95%
Fall
95%
I’ll
95%
My
95%
To
95%
You
95%
Away
92%
Be
92%
Break
92%
Fake
92%
The
92%
All
89%
Are
89%
As
89%
Far
89%
Name
89%
Want
89%
What
89%
Alone
86%
But
86%
Call
86%
Close
86%
Drive
86%
Feel
86%
In
86%
Is
86%
Just
86%
Never
86%
Night
86%
No
86%
Not
86%
Say
86%
That
86%
Twice
86%
I’m
84%
Of
84%
See
84%
Am
81%
Closest
81%
Have
81%
Inside
81%
Me
81%
Star
81%
It
78%
Petrified
78%
So
78%
Afraid
76%
Always
76%
Cause
76%
Headlights
76%
If
76%
Remind
76%
Times
76%
Today
76%
You’re
76%
Committed
73%
Dirty
73%
Explaining
73%
Give
73%
Now
73%
Quiet
73%
Same
73%
Space
73%
This
73%
Doing
70%
Gives
70%
It’s
70%
I’ve
70%
Killing
70%
Silence
70%
Them
70%
Themselves
70%
They
70%
Bleeding
68%
Crimes
68%
Done
68%
Don’t
68%
Kids
68%
Mind
68%
One
68%
Prisoner
68%
Right
68%
Take
68%
That’s
68%
Their
68%
Then
68%
Course
65%
Fitted
65%
Form
65%
Lines
65%
Our
65%
Thing
65%
Wrists
65%
Brains
62%
Control
62%
Convince
62%
Okay
62%
Perfectly
62%
Sick
62%
Cells
59%
Game
59%
Would
59%
Yeah
59%
Almost
57%
Anything
57%
Before
57%
Believe
57%
Free
57%
More
57%
Otherwise
57%
There’s
54%
Walk
54%
Losing
49%
Brewing
46%
Spewing
43%
These
43%
Places
35%
Infusing
32%
No matching quizzes found
Score Distribution
Percent of People with Each Score
Percentile by Number Answered
Your Score History
You have not taken this quiz